| 000 | 02232cam a22005177a 4500 | ||
|---|---|---|---|
| 999 |
_c233630 _d233630 |
||
| 001 | 16311305 | ||
| 003 | Nust | ||
| 005 | 20170309121803.0 | ||
| 008 | 100630s2010 dcuab bt f000 0 eng | ||
| 010 | _a 2010931671 | ||
| 020 | _a9780309154888 (pbk.) | ||
| 020 | _a030915488X (pbk.) | ||
| 035 | _a(OCoLC)ocn672360130 | ||
| 040 |
_aCBT _cCBT _dCBT _dJCR _dOHDOT _dIQU _dDLC |
||
| 042 | _alccopycat | ||
| 043 | _an-us--- | ||
| 050 | 0 | 0 |
_aTL725.3.A2 _bP53 2010 |
| 050 | 1 | 4 |
_aTA1001.5 _b.A677 no. 35 |
| 082 | 0 | 0 |
_a387.7362 TRB _223 |
| 245 | 0 | 0 |
_aPlanning for offsite airport terminals / _cMarketSense Consulting LLC ; in association with DMR Consulting ... [et al.]. |
| 246 | 3 | 0 | _aOffsite airport terminals |
| 260 |
_aWashington, D.C. : _bTransportation Research Board, _c2010. |
||
| 300 |
_a86 p. : _bill., maps ; _c28 cm. |
||
| 490 | 1 |
_aACRP report, _x1935-9802 ; _v35 |
|
| 500 | _aAt head of title: Airport Cooperative Research Program. | ||
| 500 | _a"Research sponsored by the Federal Aviation Administration." | ||
| 504 | _aIncludes bibliographical references (p. 75). | ||
| 530 | _aAvailable online. | ||
| 536 |
_aPerformed in association with DMR Consulting, Jacobs Consultancy, Matthew A. Coogan and Resource Systems Group, Inc. under _fACRP project no. 10-02. |
||
| 650 | 0 |
_aAccess to airports _zUnited States _xPlanning. |
|
| 650 | 0 |
_aAirport terminals _zUnited States _xPlanning. |
|
| 650 | 0 |
_aAccess to airports _vCase studies. |
|
| 650 | 0 |
_aAirport terminals _xManagement _vCase studies. |
|
| 700 | 1 | _aCoogan, Matthew A. | |
| 710 | 2 | _aMarketSense. | |
| 710 | 2 | _aDMR Consulting. | |
| 710 | 2 |
_aNational Research Council (U.S.). _bTransportation Research Board. |
|
| 710 | 2 | _aAirport Cooperative Research Program. | |
| 710 | 1 |
_aUnited States. _bFederal Aviation Administration. |
|
| 710 | 2 | _aJacobs Consultancy (Firm) | |
| 710 | 2 | _aResource Systems Group, Inc. | |
| 830 | 0 |
_aACRP report ; _v35. |
|
| 856 | 4 | 1 | _uhttp://onlinepubs.trb.org/onlinepubs/acrp/acrp_rpt_035.pdf |
| 906 |
_a7 _bcbc _ccopycat _d2 _encip _f20 _gy-gencatlg |
||
| 942 |
_2ddc _cBK |
||